| 000 | 01552cam a2200361 a 4500 | ||
|---|---|---|---|
| 999 |
_c11117 _d11117 |
||
| 001 | 15861440 | ||
| 003 | OSt | ||
| 005 | 20191226134100.0 | ||
| 008 | 090810s2010 enka b 001 0 eng | ||
| 010 | _a 2009031333 | ||
| 020 | _a9780199556892 | ||
| 020 | _a9780199646609 | ||
| 020 | _a0199646600 | ||
| 035 | _a(OCoLC)ocn429024731 | ||
| 040 |
_aDLC _cDLC _dBTCTA _dBWKUK _dBWK _dYDXCP _dBWX _dDLC |
||
| 050 | 0 | 0 |
_aHF5548.4.M523 _bD38 2010 |
| 082 | 0 | 0 |
_a005.54 _223 _bDAV/B |
| 100 |
_aDavis, Glyn _9782 |
||
| 245 | 1 | 0 |
_aBusiness statistics using Excel / _cGlyn Davis & Branko Pecar. |
| 260 |
_aOxford ; _aNew York : _bOxford University Press, _c2010. |
||
| 300 |
_axxi, 604 p. : _bill. (some col.) ; _c25 cm. |
||
| 504 | _aIncludes bibliographical references and index. | ||
| 630 | 0 | 0 | _aMicrosoft Excel (Computer file) |
| 650 | 0 | _aCommercial statistics. | |
| 650 | 0 |
_aCommercial statistics _xComputer programs. |
|
| 650 | 0 |
_aBusiness _xComputer programs. |
|
| 700 | 1 |
_aPecar, Branko, _d1953- _9793 |
|
| 856 | 4 | 2 |
_3Publisher description _uhttp://www.loc.gov/catdir/enhancements/fy1009/2009031333-d.html |
| 856 | 4 | 1 |
_3Table of contents only _uhttp://www.loc.gov/catdir/enhancements/fy1307/2009031333-t.html |
| 906 |
_a7 _bcbc _corignew _d1 _eecip _f20 _gy-gencatlg |
||
| 942 |
_2ddc _cBK _h005.54 _iDAV/B _k005.54 _mDAV/B |
||